| 000 | 00652nam a2200181Ia 4500 | ||
|---|---|---|---|
| 008 | 151202s9999||||xx |||||||||||||| ||und|| | ||
| 082 | _bPNVM-72346 | ||
| 100 | _aराजोपाध्याय वसंत. | ||
| 245 | _aसंगीत शास्त्र. | ||
| 260 | _b"गांधर्व महाविद्यालय,मिरज416410." | ||
| 260 | _c7234 | ||
| 300 | _a203 | ||
| 600 | _aराजोपाध्याय वसंत. | ||
| 630 | _aसंगीत शास्त्र. | ||
| 700 | _aराजोपाध्याय वसंत. | ||
| 730 | _aसंगीत शास्त्र. | ||
| 942 | _cBOOK | ||
| 999 |
_c1339011 _d1339008 |
||